Sistema de fiscalización y control ciudadano hacia el sector justicia /
Uloženo v:
| Hlavní autor: | |
|---|---|
| Médium: | Text |
| Témata: | |
| Tagy: |
Přidat tag
Žádné tagy, Buďte první, kdo vytvoří štítek k tomuto záznamu!
|
MARC
| LEADER | 00000 a a2200000 04500 | ||
|---|---|---|---|
| 001 | 45497 | ||
| 003 | |||
| 040 | |a CRAI/IIS |c CRAI/IIS | ||
| 090 | |a REV0780 (38)2000 | ||
| 100 | |a Castillo Chacón, Ana Margarita | ||
| 245 | |a Sistema de fiscalización y control ciudadano hacia el sector justicia / |c Ana Margarita Castillo Chacón | ||
| 650 | |a ADMINISTRACION DE JUSTICIA | ||
| 650 | |a PARTICIPACION SOCIAL | ||
| 650 | |a LEGISLACION | ||
| 650 | |a SISTEMA JUDICIAL | ||
| 773 | |g número38, V Epoca (2000), páginas 121-127 | ||
| 999 | |c 18190 |d 18190 | ||
